| 000 | 01030aam a2200373 4500 | ||
|---|---|---|---|
| 005 | 20250804105544.0 | ||
| 008 | 150603b1999 xxu||||| |||| 00| 0 spa d | ||
| 020 | _a9500714515 | ||
| 041 | _aESP | ||
| 082 | _a658.409.2 D794e | ||
| 100 |
_aDrucker, Peter _99228 |
||
| 245 | _aEl ejecutivo eficaz | ||
| 260 | _aArgentina | ||
| 260 | _bSudamericana | ||
| 260 | _c1999 | ||
| 300 | _a189 páginas | ||
| 490 | _aDirección y Administración de Empresar | ||
| 650 | _aLIDERAZGO EJECUTIVO | ||
| 650 | _aGESTIÓN Y ADMINISTRACIÓN | ||
| 650 | _aTOMA DE DECISIONES | ||
| 650 | _aESTRATEGIAS DE GERENCIA | ||
| 650 | _aDESARROLLO PROFESIONAL | ||
| 650 | _aPRODUCTIVIDAD EMPRESARIAL | ||
| 650 | _aEL EJECUTIVO | ||
| 650 | _aEFICIENCIA EN LA GESTIÓN | ||
| 650 | _aORGANIZACIÓN Y PLANIFICACIÓN | ||
| 650 | _aDESEMPEÑO EN REUNIONES | ||
| 650 | _aRESPONSABILIDAD EN LA DIRECCIÓN | ||
| 650 | _aGERENCIA | ||
| 650 | _aEJECUTIVOS | ||
| 650 | _aREUNIONES | ||
| 650 | _aTOMA DE DECISIONES | ||
| 942 |
_cBK _2ddc |
||
| 999 |
_c1163 _d1163 |
||